000 00280nam a2200121 i 4500
001 bg
245 0 _aTeorija funkcij funccjonalnyj analiz i ich prilożenija.
260 _aCharkov.
040 _cBPK
041 _apol
942 _cKS
008 s pl f |000 0 pol
999 _c47108
_d47108
856 _uhttp://koha.tu.koszalin.pl/cgi-bin/koha/opac-detail.pl?biblionumber=47108
_yKatalog online BPK